Movies Quiz

Random Movies Quiz
Score 0/32 Timer 08:00
0 Plays Today
% Correct
The Shining
96.7%
Poltergeist
90.4%
Children of the Corn
89.3%
Gremlins
88%
Hellraiser
85.1%
Predator
83.9%
Child's Play
81.6%
An American Werewolf in London
79.9%
Christine
79.4%
Friday the 13th
79.1%
The Thing
77.4%
The Fly
76%
Aliens
75.9%
The Lost Boys
74.6%
Jaws 3-D
74.4%
A Nightmare on Elm Street
73.1%
% Correct
Cujo
71.6%
Critters
64.1%
My Bloody Valentine
62.9%
Re-Animator
61.5%
Pet Sematary
60.8%
Evil Dead
57%
The Howling
54.9%
The Hitcher
53.2%
The Fog
51.6%
Day of the Dead
47.1%
Puppet Master
43%
Silver Bullet
41.8%
The Changeling
32.4%
Creepshow 2
32.3%
Near Dark
32.3%
The Company of Wolves
19.9%
Remove Ads.
Support Sporcle.
Get the best of Sporcle when you Go Orange. This ad-free experience offers more features, more stats, and more fun while also helping to support Sporcle. Thank you for becoming a member.

You're not logged in!

Compare scores with friends on all Sporcle quizzes.
OR
Log In

Show Comments

Extras

Created Jan 22, 2015SourceReportNominate
Tags:1980, horror, Slideshow

Top Quizzes Today


Score Distribution

Your Account Isn't Verified!

In order to create a playlist on Sporcle, you need to verify the email address you used during registration. Go to your Sporcle Settings to finish the process.

Report this User

Report this user for behavior that violates our Community Guidelines.

Details: